<?xml version="1.0" encoding="UTF-8"?>
<record
    xmlns:xsi="http://www.w3.org/2001/XMLSchema-instance"
    xsi:schemaLocation="http://www.loc.gov/MARC21/slim http://www.loc.gov/standards/marcxml/schema/MARC21slim.xsd"
    xmlns="http://www.loc.gov/MARC21/slim">

  <leader>00800nam a22002057a 4500</leader>
  <controlfield tag="003">OSt</controlfield>
  <controlfield tag="005">20130503125644.0</controlfield>
  <controlfield tag="008">130503s2012    sp ||||| |||| 10| 0 spa d</controlfield>
  <datafield tag="020" ind1=" " ind2=" ">
    <subfield code="a">9788461575213</subfield>
  </datafield>
  <datafield tag="040" ind1=" " ind2=" ">
    <subfield code="c">CDMR</subfield>
  </datafield>
  <datafield tag="111" ind1="2" ind2=" ">
    <subfield code="9">3329</subfield>
    <subfield code="a">Congreso internacional de Prensa y Periodismo especializado</subfield>
    <subfield code="c">Guadalajara</subfield>
    <subfield code="d">2010</subfield>
    <subfield code="n">5&#xE8;</subfield>
  </datafield>
  <datafield tag="245" ind1="1" ind2=" ">
    <subfield code="a">Prensa y periodismo especializado V</subfield>
    <subfield code="c">Juan Jos&#xE9; Fern&#xE1;ndez Sanz, &#xC1;ngel Luis Rubio Moraga, Carlos Sanz Establ&#xE9;s (editores)</subfield>
    <subfield code="b">: [Guadalajara, 6 y 7 de mayo de 2010]</subfield>
  </datafield>
  <datafield tag="260" ind1=" " ind2=" ">
    <subfield code="a">Guadalajara</subfield>
    <subfield code="b">Asociaci&#xF3;n de la Prensa de Guadalajara</subfield>
    <subfield code="c">2012</subfield>
  </datafield>
  <datafield tag="300" ind1=" " ind2=" ">
    <subfield code="a">558 p.</subfield>
  </datafield>
  <datafield tag="650" ind1="0" ind2="4">
    <subfield code="9">3330</subfield>
    <subfield code="a">Periodisme especialitzat</subfield>
  </datafield>
  <datafield tag="700" ind1="1" ind2=" ">
    <subfield code="9">505</subfield>
    <subfield code="a">Fern&#xE1;ndez Sanz, Juan Jos&#xE9;</subfield>
  </datafield>
  <datafield tag="700" ind1="1" ind2=" ">
    <subfield code="9">3331</subfield>
    <subfield code="a">Rubio Moraga, &#xC1;ngel Luis</subfield>
  </datafield>
  <datafield tag="700" ind1="1" ind2=" ">
    <subfield code="9">3332</subfield>
    <subfield code="a">Sanz Establ&#xE9;s, Carlos</subfield>
  </datafield>
  <datafield tag="942" ind1=" " ind2=" ">
    <subfield code="2">udc</subfield>
    <subfield code="c">MON</subfield>
  </datafield>
  <datafield tag="999" ind1=" " ind2=" ">
    <subfield code="c">6177</subfield>
    <subfield code="d">6177</subfield>
  </datafield>
  <datafield tag="952" ind1=" " ind2=" ">
    <subfield code="0">0</subfield>
    <subfield code="1">0</subfield>
    <subfield code="4">0</subfield>
    <subfield code="7">0</subfield>
    <subfield code="a">CDMR</subfield>
    <subfield code="b">CDMR</subfield>
    <subfield code="d">2013-01-16</subfield>
    <subfield code="l">0</subfield>
    <subfield code="o">Bc</subfield>
    <subfield code="p">CDMR13056319</subfield>
    <subfield code="r">2013-05-03</subfield>
    <subfield code="w">2013-05-03</subfield>
    <subfield code="y">MON</subfield>
  </datafield>
</record>
